000 00680nam0a22002411 4500
001 rc\982529
005 20041129101230.8
035 _a(NLR Aleph) 006150410
090 _a5756129
_c5756129
100 _a20041129d1981 u |0rusy50 ca
101 0 _arus
102 _aRU
105 _ay |||||||||
200 1 _aУправление и эффективность
210 _aМ.
_cЭкономика
_d1981
215 _a71 с.
_d20
225 1 _aЭкономика СССР
_e1981-1985
700 1 _aАганбегян
_bА. Г.
_f1932-
_gАбел Гезевич
801 0 _aRU
_bNLR
_gpsbo
801 1 _aRU
_bELAR
_2rusmarc
852 _aNLR
_j81-4/32235
942 _cBOOK
980 _aNB